| 000 | 02054nam a2200349 4500 | ||
|---|---|---|---|
| 003 | EC-UNACH | ||
| 005 | 20250620174357.0 | ||
| 006 | s||||gr|||| 00| 00 | ||
| 008 | 150116t9999 mx r gr 000 0 spa d | ||
| 020 | _a9789978106839 | ||
| 040 |
_aEC-UNACH _cEC-UNACH |
||
| 041 | _aspa | ||
| 082 | 0 | 4 |
_223 _a170.44 _bL017819 |
| 110 | _aUniversidad Politécnica Salesiana (UPS) | ||
| 245 | _aBienestar y Buen Vivir. Un aporte para la felicidad del ser humano | ||
| 250 | _aPrimera edición | ||
| 264 |
_aCuenca - Ecuador _bUPS / ABDA YALA _c2019 |
||
| 300 |
_a266 páginas _bTablas, Figuras _c15 X 21 cm |
||
| 505 | _aPrólogo -- Introducción -- PRIMERA PARTE. LA RELACIÓN ENTRE FELICIDAD, BIENESTAR Y EDUCACIÓN -- Las virtudes que conducen al buen vivir y la felicidad. Aportes del Buen Vivir a la comunicación. Salud y bienestar: los impactos de las circunstancias gassetianas. La influencia de la mente intuitiva en la salud: para una nueva psicología de la salud y del bienestar. Bienestar vs. incertidumbre: función de la educación. La educación en pandemia, un reto para la equidad. Impacto de la educación en la felicidad: revisión sistemática -- SEGUNDA PARTE. LA FELICIDAD DESDE EL ASPECTO ESPIRITUAL Y HUMANO. La alegría cristiana en las enseñanzas del papa Francisco y los místicos españoles. La intuición en la naturaleza. La felicidad en las ciencias sociales: dimensiones científicas para su estudio. Los colores de la felicidad. La felicidad como camino de decisión personal y familiar. La felicidad y el bienestar. Un viaje por la empatía, la intuición y la ecpatia. Comunicar desde la felicidad. | ||
| 650 | _aSALUD Y BIENESTAR | ||
| 650 | _aLA EMPATÍA | ||
| 650 | _aPANDEMIA | ||
| 650 | _aLA FELICIDAD | ||
| 650 | _aLA ECPATIA | ||
| 700 | _aJara-Cobos, Victoria | ||
| 700 | _aDe-Santis, Andrea | ||
| 700 | _aVerdugo-Sánchez, Adriana | ||
| 942 |
_2ddc _c1 |
||
| 999 | _c13608 | ||